Mixed Word: Countries III Quiz Stats

 Plays Quiz Updated Oct 13, 2016

Challenge
Share
Tweet
Embed
Score 0/10 Timer 02:00
0 Plays Today
Scrambled Country Unscrambled Country % Correct
MNAOOman
94.6%
EADKNRMDenmark
75.8%
HSINGTAFANAAfghanistan
71.8%
DIARNLEIreland
58.5%
REANIMAArmenia
54.7%
ILEADVMSMaldives
52.3%
AAINGCRAUNicaragua
43.3%
ROANCMEOCameroon
39%
ORCDEAUEcuador
22.4%
Bonus Country
(from scrambled first letters of these countries)
Macedonia
13.7%

You're not logged in!

Compare scores with friends on all Sporcle quizzes.
Join for Free
OR
Log In

You Might Also Like...

Show Comments

Extras

Top Quizzes Today


Score Distribution

Your Account Isn't Verified!

In order to create a playlist on Sporcle, you need to verify the email address you used during registration. Go to your Sporcle Settings to finish the process.

Report this User

Report this user for behavior that violates our Community Guidelines.

Details: